| Tag |
First Indicator |
Second Indicator |
Subfields |
| LEADER |
00000cam a2200000 a 4500 |
| 001 |
in00000052836 |
| 005 |
20151007074153.0 |
| 008 |
781018s1939 gw bc 000 0 ger |
| 010 |
|
|
|a 41015866
|
| 035 |
|
|
|a (OCoLC)ocm04302390
|
| 035 |
|
|
|9 AAF1059AM
|
| 040 |
|
|
|a DLC
|c NRC
|d NRC
|d OCLCQ
|d TXA
|d UtOrBLW
|
| 042 |
|
|
|a pcc
|
| 043 |
|
|
|a e-gx---
|
| 049 |
|
|
|a TXAM
|
| 050 |
0 |
0 |
|a Z5076.Z9
|b P3
|
| 050 |
|
4 |
|a S494.5.A39
|b V47 1939
|
| 082 |
0 |
|
|a 016.63
|
| 110 |
2 |
|
|a Verlag Paul Parey.
|
| 245 |
1 |
0 |
|a Verlagskatalog Paul Parey :
|b Verlagsbuchhandlung für Landwirtschaft, Gartenbau, Forst- und Jagdwesen.
|
| 246 |
1 |
4 |
|a Verlagskatalog der Verlagsbuchhandlung Paul Parey
|
| 264 |
|
1 |
|a Berlin :
|b [Paul Parey],
|c [1939]
|
| 300 |
|
|
|a 484 pages ;
|c 23 cm.
|
| 336 |
|
|
|a text
|b txt
|2 rdacontent
|
| 337 |
|
|
|a unmediated
|b n
|2 rdamedia
|
| 338 |
|
|
|a volume
|b nc
|2 rdacarrier
|
| 500 |
|
|
|a At foot of text on facing pages: "Verlag von Paul Parey in Berlin. Verlag für Landwirtschaft, Gartenbau, Forst- und Jagdwesen."
|
| 500 |
|
|
|a "Ausgegeben am 1. Mai 1939."
|
| 500 |
|
|
|a First published in 1925.
|
| 650 |
|
0 |
|a Agriculture
|v Bibliography
|v Catalogs.
|
| 650 |
|
0 |
|a Hunting
|v Bibliography
|v Catalogs.
|
| 610 |
2 |
0 |
|a Verlag Paul Parey
|v Catalogs.
|
| 650 |
|
0 |
|a Publishers' catalogs
|z Germany.
|
| 949 |
|
|
|a updated
|b h
|c 2006/3/3
|e jmarner
|f 11:46:54 am
|
| 994 |
|
|
|a E0
|b TXA
|
| 999 |
|
|
|a MARS
|
| 999 |
f |
f |
|s 5d8cc198-cbfc-3fdc-aaec-14234e6e3f77
|i 2eedc3ae-370d-3912-afb7-026fb9f75bd4
|t 0
|
| 952 |
f |
f |
|p ric
|a Texas A&M University
|b Rellis Campus
|c Joint Library Facility
|d Remote Storage
|t 0
|e S494.5.A39 V47 1939
|h Library of Congress classification
|i unmediated -- volume
|m A14801051530
|
| 998 |
f |
f |
|a S494.5.A39 V47 1939
|t 0
|l Remote Storage
|